[Event "Capablanca Memorial Elite 31st"]
[Site "Cienfuegos"]
[Date "1996.??.??"]
[Round "7"]
[White "Vera Gonzalez Quevedo, Reynaldo"]
[Black "Gonzalez, Renier"]
[Result "1/2-1/2"]
[WhiteElo "2495"]
[BlackElo "2560"]
[Annotator "Kantsler,B"]
[PlyCount "103"]
[EventDate "1996.05.??"]
[EventType "tourn"]
[EventRounds "13"]
[EventCountry "CUB"]
[EventCategory "12"]
[SourceTitle "CBM 054"]
[Source "ChessBase"]
[SourceDate "1996.10.01"]
[SourceVersion "1"]
[SourceVersionDate "1996.10.01"]
[SourceQuality "1"]

1. d4 d5 2. c4 c6 3. Nc3 Nf6 4. cxd5 cxd5 5. Bf4 Nc6 6. e3 a6 7. Bd3 Bg4 8. f3
(8. Nge2 Bxe2 (8... e6 9. O-O Be7 (9... Bd6 10. f3 $10) 10. Rc1 O-O 11. a3 (11.
f3 Bh5 12. Na4 Nd7 13. Qb3 Nb4 14. Bc7 Qe8 15. Bb1 b5 16. Nb6 Ra7 17. Nxd7 Qxd7
18. Ba5 Nc6 19. Qc2 {Jacinovic,D-Pajkovic,V/YUG/1994/1:0/19/}) 11... Rc8 12.
Na4 Bh5 13. b4 b5 14. Nc5 Bxc5 15. dxc5 (15. bxc5 $5) 15... e5 16. Bg5 e4 17.
Bb1 Ne5 $13 {Vera,R-Hoffman,A/Matanzas/1994/0:1/24/}) 9. Qxe2 e6 10. O-O Be7
11. Rac1 $5 O-O 12. Bg3 Rc8 13. Rfd1 g6 14. f3 Re8 15. Bb1 b5 $13 {Jacimovic,
D-Sturua,Z/Moscow(olm)/1994/1:0/30/}) 8... Bh5 (8... Bd7 9. Nge2 e6 10. Bg3 Be7
11. O-O O-O 12. Nc1 Na5 13. Nb3 Nc4 14. Qe2 Rc8 15. e4 $14 {Yusupov,A-Shirov,A/
Horgen/1994/0,5/21/}) (8... Bc8 9. Nge2 e6 10. e4 Be7 (10... dxe4 $5 11. fxe4
e5 $13) 11. e5 Nd7 12. Be3 b5 13. O-O Nb6 14. b3 Bd7 15. f4 $14 {Kanstler,
B-Bykhovsky,Av/ISR/1996/0,5/27/}) 9. Nge2 (9. Qb3 Na5 10. Qa4+ Nc6 (10... b5
11. Nxb5 $1 axb5 12. Bxb5+ Nd7 13. b4 Nc6 (13... Nc4 $2 14. Bxd7+ $18) 14. Qb3
$14)) 9... e6 10. O-O Be7 11. Rc1 O-O 12. Na4 Nd7 13. a3 (13. Nc5 $6 Nxc5 14.
dxc5 e5 $13) 13... Rc8 14. b4 b5 15. Nc5 $14 Nxc5 16. bxc5 $5 Qa5 17. a4 (17.
Qb3 $5 {/\ Nc3-a2-b4/}) 17... bxa4 18. Ra1 a3 19. Qb3 e5 $5 20. Rxa3 Qd8 21.
Bg3 (21. dxe5 $5 $14) 21... a5 22. Qa4 $1 exd4 23. exd4 $16 Nb4 24. Nf4 $6 (24.
Bf5 $5 Ra8 (24... Rc6 $2 25. Qxa5 $18) 25. Nf4 $5 (25. c6 $6 Bd6 (25... Nxc6
26. Rc3 Nb8 (26... Nb4 27. Bc7 Qe8 28. Bd7 $18) 27. Rc8 Qb6 28. Nf4 $18) 26.
Rc3 Bc7 $13) 25... Bg6 26. Nxg6 hxg6 27. Bd7 $16) 24... Nxd3 $8 (24... Bg6 $2
25. Bxg6 hxg6 26. Qxa5 $16) 25. Rxd3 Bg6 26. Nxg6 $6 (26. Ra3 $5 Bf6 (26... Ra8
$2 27. Qc6 $18) (26... Bf5 27. Qxa5 Qd7 28. Qa7 Rc7 29. Qa4 $16) 27. Rd1 Bf5
28. Qxa5 Qd7 29. Qa7 Rc7 30. Qa6 (30. Qa4 $2 Qxa4 31. Rxa4 Bc2 32. Raa1 Bxd1
33. Rxd1 Rd7 34. Ne2 $44) 30... Rcc8) 26... hxg6 27. Rb1 Bf6 28. Kf1 $6 Bh4 29.
Be5 Re8 30. Rdd1 (30. Rb6 $6 Qg5 $132 31. g3 (31. Qxa5 Qc1+ 32. Ke2 f6 $19)
31... Qf5) 30... Bf6 31. Bd6 Be7 32. Bg3 Bh4 33. Be5 Bf6 34. Bd6 Be7 35. Bg3
Bh4 36. Re1 Rxe1+ 37. Rxe1 Bxg3 38. hxg3 Qg5 39. Re8+ $6 (39. g4 $5 Qd2 40.
Re8+ Rxe8 41. Qxe8+ Kh7 42. c6 $16) (39. Qd7 Rd8 40. Qe7 Qxe7 41. Rxe7 Ra8 $14)
39... Rxe8 40. Qxe8+ Kh7 41. Qe1 (41. Qxf7 $2 Qc1+ 42. Ke2 (42. Kf2 $2 Qd2+ 43.
Kf1 Qd1+ 44. Kf2 Qxd4+ 45. Kf1 Qxc5 $17) 42... Qc4+ 43. Ke1 Qxd4 $15) (41. c6
Qc1+ 42. Kf2 Qc2+ 43. Kg1 Qc1+ 44. Kh2 Qh6+ $10) 41... Qf5 42. Qc1 (42. Qc3 a4
43. c6 a3 44. Qxa3 (44. c7 a2 45. Kf2 $10) 44... Qb1+ 45. Kf2 Qc2+ 46. Kg1 Qxc6
$10) 42... Qd3+ 43. Kg1 Qxd4+ 44. Kh2 Qe5 45. c6 Qc7 46. Qc5 a4 (46... d4 $6
47. Qd5 $5 (47. Qxd4 Qxc6 48. Qh4+ Kg8 49. Qd8+ $10) 47... d3 48. Qd7 Qe5 49.
c7 Qh5+ 50. Kg1 Qc5+ $10) 47. Qxd5 a3 48. f4 Qa7 49. Qd8 a2 50. c7 Qc5 51. Qh4+
Kg8 52. Qd8+ $10 1/2-1/2

[Event "Kerteminde"]
[Site "Kerteminde"]
[Date "1991.??.??"]
[Round "5"]
[White "Van der Sterren, Paul"]
[Black "Hector, Jonny"]
[Result "0-1"]
[WhiteElo "2475"]
[BlackElo "2465"]
[Annotator "Kortschnoj,V"]
[PlyCount "88"]
[EventDate "1991.02.??"]
[EventType "tourn"]
[EventRounds "9"]
[EventCountry "DEN"]
[EventCategory "10"]
[SourceTitle "CBM 023"]
[Source "ChessBase"]
[SourceDate "1991.08.01"]
[SourceVersion "1"]
[SourceVersionDate "1991.08.01"]
[SourceQuality "1"]

1. d4 {Hertneck} d5 2. c4 c6 3. Nc3 e5 4. cxd5 cxd5 5. e4 (5. Nf3 {Hertneck} e4
6. Ne5 Nc6 {ECO D10/4}) (5. dxe5 {Hertneck} d4 6. Ne4 Qa5+ $13) 5... dxe4 (5...
Nc6 $5 {Hertneck} 6. Bb5 Bb4 7. Qa4 Bd7 $13) 6. Bb5+ Bd7 7. dxe5 Bb4 8. Bd2 e3
9. fxe3 {Novelty.} (9. Bxd7+ Nxd7 10. Bxe3 {with equal play is mentioned by
the encyclopedia.} (10. Bxe3 {Hertneck} Nxe5 11. Qa4+ Qd7 12. Qxd7+ Nxd7 {
1/2 Siskin-Nei, SU 1959, ECO D10/4 n.24})) 9... Nh6 (9... Qb6 $2 {Hertneck} 10.
Nd5 $16) (9... Nc6 $2 {Hertneck} 10. Bxc6 Bxc6 11. Qg4 $16) (9... Ne7 $5 {
Hertneck}) 10. e6 $1 {White gets an advantage.} (10. Nf3 O-O 11. Qb3 {was also
promising.}) 10... fxe6 11. Qh5+ Nf7 12. Nf3 g6 (12... O-O $2 {Hertneck} 13.
Bd3 g6 14. Bxg6 hxg6 15. Qxg6+ Kh8 16. Qh5+ Kg7 17. Qg4+ $18) 13. Qg4 Qe7 14.
O-O Bxb5 15. Nxb5 Bxd2 16. Nxd2 Nc6 17. Ne4 O-O 18. Rf6 Rae8 19. Raf1 Nh6 {
Black's position is difficult. Black defends himself against the main threat 
Rg6.} 20. Qg5 Nf5 (20... Qg7 21. Nbd6 Rb8 22. Rxf8+ Rxf8 23. Nf6+ Kh8 24. Nde8
Nf7 25. Qc5 Qh6 26. Ng4 $18) 21. g4 {Black loses a piece.} Rxf6 (21... Ng7 22.
Qh6 {/\ Ng5 and mate.}) 22. Nxf6+ Kh8 23. gxf5 exf5 24. Nc3 Qxe3+ 25. Qxe3 Rxe3
26. Rd1 Re6 27. Nfd5 Kg7 28. Nf4 Re7 29. Rd6 Kh6 30. Ne6 Ne5 31. Nd5 Re8 32.
Nec7 Rc8 33. Re6 {White has a big material advantage, but he still needs to
demonstrate a good technic. If black into white's camp, he will win.} Nc4 34.
Re7 Nxb2 35. Nf6 g5 36. Nce8 g4 37. Rxh7+ Kg5 38. Rg7+ Kf4 39. Nc7 {The
activity of the black king has become an important factor in the position. If
black's rook penetrates into white's camp, he will win.} Nd3 40. Nfd5+ Kf3 41.
Re7 f4 42. Nc3 Nf2 43. N7d5 $2 {A grave error.} (43. Ne6 $1 {and white still
had better chances.}) 43... g3 44. Rh7 Re8 {0-1 because of 45.Ne7 Re7! or 45.
Re7 gh+.} 0-1

[Event "Olympiad-40"]
[Site "Istanbul"]
[Date "2012.09.03"]
[Round "6.1"]
[White "Kramnik, Vladimir"]
[Black "Aronian, Levon"]
[Result "1-0"]
[WhiteElo "2797"]
[BlackElo "2816"]
[Annotator "Kramnik,V"]
[PlyCount "69"]
[EventDate "2012.08.28"]
[EventType "team-swiss"]
[EventRounds "11"]
[EventCountry "TUR"]
[SourceTitle "CBM 151"]
[Source "ChessBase"]
[SourceDate "2012.11.13"]
[SourceVersion "1"]
[SourceVersionDate "2012.11.13"]
[SourceQuality "1"]
[WhiteTeam "Russia"]
[BlackTeam "Armenia"]
[WhiteTeamCountry "RUS"]
[BlackTeamCountry "ARM"]

1. d4 d5 2. c4 c6 3. Nc3 Nf6 4. cxd5 cxd5 5. Bf4 Nc6 6. e3 a6 7. Bd3 g6 {
This is a new plan. Dies ist ein neuer Plan.} (7... Bg4 {is much more common:
ist viel geläufiger:} 8. Nge2 e6) 8. h3 {This prevents ...Bg4 and ...Nh5 ideas.
Dies verhindert ...Bg4- und ...Nh5-Ideen.} (8. Nf3 Nh5 (8... Bg4) 9. Bg5 h6 10.
Bh4 g5 11. Bg3 (11. Nd2 Nf4 12. exf4 gxh4) 11... Nxg3 12. hxg3 Bg7) 8... Bf5 {
That is the idea of the previous move, otherwise White is better. Dies ist die
Idee des vorigen Zuges, ansonsten steht Weiß besser.} (8... Bg7 9. Nf3 {
with a pleasant advantage. mit angenehmem Vorteil.}) 9. Nf3 (9. Bxf5 gxf5 {
Here Black can get some counterplay on the g-file. Hier kann Schwarz einiges
Gegenspiel in der g-Linie erlangen.} 10. Nf3 e6 11. Rc1 Rg8) 9... Bxd3 10. Qxd3
Bg7 11. O-O O-O 12. Rfc1 {White has a small plus due to his more active pieces.
Weiß hat ein kleines Plus aufgrund seiner aktiveren Figuren.} e6 13. Na4 Ne4
14. Nc5 {In time before Black gets counterplay on the kingside. Rechtzeitig,
bevor Schwarz Gegenspiel am Königsflügel bekommt.} (14. a3 g5 15. Bh2 f5 $132
16. Nc5 Qe7) 14... Nxc5 15. Rxc5 Qd7 (15... f6 {was an interesting defensive
idea, followed by ...Rf7 and ...Bf8. war eine interessante Verteidigungsidee,
gefolgt von ...Rf7 und ...Bf8.}) 16. Rac1 Rfc8 17. a3 Bf8 18. R5c2 f6 (18...
Bd6 19. Bxd6 Qxd6 20. Qb3 $1 Qd7 21. Qb6 $14) 19. Nd2 Bd6 $2 {A serious
mistake. Ein ernster Fehler.} (19... Na7 $1 {is a very precise defensive move
which seems to equalise: ist ein sehr präziser Verteidigungszug, welcher
auszugleichen scheint:} 20. Rc7 Qd8 {and all tactics work for Black here: und
die Taktik funktioniert hier für Schwarz:} 21. Nb3 Rxc7 22. Rxc7 $2 (22. Bxc7
Qd7 {is just equal. ist einfach ausgeglichen.}) 22... e5 $1 23. Rxb7 exf4 24.
Qxa6 Qc8 $1) 20. Bxd6 Qxd6 21. Nb3 {Now Black is under serious pressure
already. Nun steht Schwarz bereits unter ernstem Druck.} Rc7 $2 (21... b6 {
was needed, although still after the accurate war erforderlich, obwohl nach
dem genauen} 22. Nd2 $1 Qd7 23. Qb3 b5 24. Qc3 Ne7 25. Qa5 Rxc2 26. Rxc2 Qd8
27. Qb4 {White has a serious positional advantage. Weiß trotzdem ernsten
positionellen Vorteil hat.}) 22. Na5 $1 {Strangely enough there is no adequate
defence anymore for Black after the following combination. Seltsamerweise gibt
es nach der folgenden Kombination bereits keine ausreichende Verteidigung mehr
für Schwarz.} (22. Nc5 {keeps a pleasant advantage, of course, but the text is
even stronger. behauptet einen angenehmen Vorteil, versteht sich, aber der
Text ist sogar noch stärker.}) 22... Rac8 23. Nxb7 $1 Rxb7 24. Qxa6 Rbc7 {
Only move. Einziger Zug.} 25. b4 Qd7 {Only move again. Wieder einziger Zug.}
26. Qb6 $1 {The point of the combination. Der Clou der Kombination.} (26. b5 {
After this natural move Black still can hold: Nach diesem natürlichen Zug kann
sich Schwarz doch noch halten:} Ne7 $1 (26... Nd8 27. Qxc8 $1 Rxc8 28. Rxc8 {
winning und gewinnt.}) 27. Rxc7 Rxc7 28. Rxc7 Qxc7 29. Qxe6+ Kf8 30. Qxf6+ Ke8
31. a4 Qa5 {and it is not certain that White will manage to convert his
advantage. und es ist nicht sicher, dass Weiß es schaffen wird, seinen Vorteil
zu verwerten.}) 26... Qe8 {Desperation, but other moves do not work either.
Verzweiflung, aber andere Züge funktionieren ebenfalls nicht.} (26... Rb7 27.
Rxc6 $1 Rxb6 28. Rxc8+ Kf7 29. R8c7 $18) (26... Kf7 27. b5 Rb7 28. Qxc6 $1 $18)
(26... Rb8 27. Qxb8+ Nxb8 28. Rxc7 Qb5 29. R1c5 Qb6 30. Re7 (30. b5 $18) 30...
Kf8 31. Rcc7 $18) 27. b5 $1 {The simplest, falling into the trap :) Am
einfachsten, man tappt in die Falle :)} Nxd4 {The point of ...Qe8. Die Pointe
von ...Qe8.} 28. Rxc7 Ne2+ 29. Kh1 Nxc1 {It seems that Black managed to trick
his opponent, but the 31st move of White clarifies matters. Es scheint, als
hätte Schwarz es geschafft, seinen Gegner reinzulegen, aber der 31. Zug von
Weiß macht die Sache klar.} 30. Rxc8 Qxc8 31. Qc6 Qd8 (31... Qb8 32. b6 Nd3 33.
Qc7 $18) (31... Qxc6 32. bxc6 {queening. mit Umwandlung.}) 32. b6 Kf7 (32...
Nd3 33. Qc7 Nxf2+ 34. Kg1 Qf8 35. b7 $18) 33. Qc7+ (33. b7 $18) 33... Ke8 34.
Qa7 d4 35. b7 1-0

[Event "Staunton Memorial 6th"]
[Site "London"]
[Date "2008.08.11"]
[Round "5"]
[White "L'Ami, Erwin"]
[Black "Sokolov, Ivan"]
[Result "1/2-1/2"]
[WhiteElo "2605"]
[BlackElo "2658"]
[Annotator "L'Ami,E"]
[PlyCount "130"]
[EventDate "2008.08.07"]
[EventType "tourn"]
[EventRounds "11"]
[EventCountry "ENG"]
[EventCategory "13"]
[SourceTitle "CBM 126"]
[Source "ChessBase"]
[SourceDate "2008.10.01"]
[SourceVersion "1"]
[SourceVersionDate "2008.10.01"]
[SourceQuality "1"]

1. d4 d5 2. c4 c6 3. Nc3 dxc4 4. e3 Be6 5. Nh3 $5 {An interesting new attempt,
trying to improve on 5.Nge2.} Bxh3 ({After 5.Nge2 the main move is 5...b5
which is not possible here;} 5... b5 6. a4 b4 7. Ne4 Bd5 (7... Nf6 8. Nxf6+
exf6 9. Nf4 Bd5 10. Nxd5 $1 cxd5 11. Qf3 $1 {followed by Bxc4}) 8. Ng3 Nf6 9.
f3 c5 10. e4 Bb7 11. d5 {with a clear advantage.}) 6. gxh3 Nf6 7. Bxc4 e6 8.
Qf3 Nbd7 9. Bd2 Rc8 $5 ({During the game I was expecting} 9... g6 10. O-O-O Bg7
{where I would prefer White. Ivan however -true to his style- goes for the
sharper 9...Rc8 preparing queen-side action with b5 and a5.}) 10. O-O-O b5 11.
Bb3 a5 12. Kb1 a4 13. Bc2 Nb6 $6 ({More precise is the immideate} 13... a3 14.
e4 {which -compared to the game- gives Black the extra option of taking on b2.}
) 14. e4 a3 15. Bg5 {Now both pawn pushes, d5 and e5, become serious threats.}
h6 16. Bh4 axb2 $2 ({Now Black gets into trouble, critical is} 16... g5 17. Bg3
axb2 (17... Be7 $5 {may be a better choice}) 18. d5 cxd5 19. exd5 Nbxd5 20.
Nxd5 Nxd5 21. Be5 Rg8 22. Bh7 {and now Black seems to be surviving with} g4 $1
23. hxg4 ({or} 23. Rxd5 $5 exd5 24. hxg4 Rc1+ 25. Kxb2 Rxh1 26. Bxg8 Qe7 27.
Bxf7+ Qxf7 28. Qxh1 Qxf2+ 29. Kb1 {with equality}) 23... Rg5 24. Bxb2 Qa5 {
with chances for both sides.}) 17. d5 {Naturaly!} cxd5 ({White's attack is
faster after} 17... Nc4 18. dxe6 Qe7 (18... Qd2 19. Bxf6 Na3+ 20. Kxb2 Qxc2+
21. Ka1 Nc4 22. Na4 $1 Qxa4 23. exf7+ Kxf7 24. Bxg7+ Kg8 25. Bxf8 {is mating.})
19. e5 $1 Na3+ 20. Kxb2 Nc4+ 21. Ka1 Qa3 22. Rb1 Bb4 23. Bb3 {crashing through.
}) 18. exd5 Be7 ({Surely not} 18... Qc7 19. Bxf6 gxf6 20. dxe6 Qxc3 21. exf7+
Kxf7 22. Bb3+ {winning the queen or mating.}) 19. d6 ({The most natural move
but perhaps there was an even more promising alternative;} 19. dxe6 $5 Qc7 20.
exf7+ Kxf7 ({ignoring the pawn is not the solution either} 20... Kf8 21. Bxf6
Bxf6 22. Rhe1 {and since} Qxc3 {fails to} 23. Bg6 $1 {Black is lost.}) 21. Bb3+
Kf8 (21... Nc4 22. Bxf6 $1 gxf6 (22... Bxf6 23. Nxb5 Qc5 24. Bxc4+ Qxc4 {
allows a small check on d6}) 23. Nxb5 Qc5 24. Na3 $1 {and because of} Qxa3 25.
Bxc4+ {winning the queen, Black is lost.}) 22. Nxb5 Qe5 23. Nd4 {and it looks
like White is simply crashing through.}) 19... Bxd6 20. Ne4 Nc4 ({After} 20...
Nbd5 {I was planning to go for the forced line} 21. Rxd5 exd5 22. Nxf6+ gxf6
23. Bxf6 Qc7 24. Qe2+ Kd7 25. Bf5+ Kc6 26. Qxb2 {when the combined threats of
Rc1 and Bxh8 seem to much for Black.} {(} Qb8 27. Rc1+ Kb7 28. Bxc8+ Rxc8 29.
Qxb5+ Ka8 30. Rxc8 Qxc8 31. Qxd5+ Qb7+ 32. Qxb7+ Kxb7 $18 {)}) 21. Bxf6 gxf6
22. Rxd6 Qc7 23. Rhd1 $1 {This was the position I was aiming for, White
shouldn't fear the check on a3.} Na3+ 24. Kxb2 Qxc2+ 25. Ka1 f5 {I had seen
this defence beforehand and figured I would find 'something' when getting
there. However, despite some 15 minutes remaining I failed to find a win and
in the subsequent time-trouble even got into trouble.} 26. Qxa3 $4 (26. Nf6+
Ke7 27. Nh5 $1 {threatens both Qxa3 and Qb7+ and is therefore decisive.}) 26...
Qxe4 27. R6d4 $2 ({A second mistake finaly changes the evaluation in Black's
favour. The nasty} 27. Qb2 $1 e5 28. Qxb5+ Kf8 29. Rd7 {would still be highly
unpleasant for Black. The next moves were made in mutual time-trouble.}) 27...
Qe5 28. f4 Qc7 29. Qb2 Rg8 30. Qxb5+ Kf8 31. Qb2 Rg6 (31... Rg7 $1 {was
indicated after the game, preventing the mating-threat Rd8+}) 32. a4 Kg8 33.
Rd7 Qa5 34. Qd4 Qc3+ 35. Qxc3 Rxc3 36. R7d3 Rc4 37. Ra3 e5 38. a5 Ra6 39. Rd5
exf4 40. Rxf5 Kg7 {The smoke has cleared and what emerged is a rook ending
where I have to be a bit carefull.} 41. Kb2 Kg6 42. Rb5 f5 43. Rb6+ $5 ({
I like this decision, which leads by force to a drawn queen-ending, although a
move like} 43. h4 {(preventing Kg5) suffices as well, but at least Black can
continue to fight here by for example} Kh5 $5) 43... Rxb6+ 44. axb6 Rb4+ 45.
Rb3 Rxb3+ 46. Kxb3 f3 47. b7 f2 48. b8=Q f1=Q 49. Qg8+ Kh5 50. Qf7+ Kh4 51.
Qf6+ Kxh3 52. Qxh6+ Kg2 53. h4 Kh3 54. Qg5 (54. h5 Qf3+ 55. Kc2 Kh4 {would
lose the pawn. In general this type of ending is not someting to take lightly.}
) 54... Qd3+ 55. Kb2 Qd4+ 56. Kc2 f4 57. h5 {Although this is by far the most
logical move, it is perhaps interesting to note that this is the only move
that draws.} f3 58. h6 Qc4+ 59. Kd2 ({It is not to late to go wrong, White
should avoid the first rank} 59. Kb1 $2 f2 {queening with check!}) 59... Qe2+
60. Kc3 f2 61. h7 Qe1+ 62. Qd2 Qa1+ 63. Qb2 Qa5+ 64. Kb3 Qd5+ 65. Ka3 Qa5+ {
and a draw was agreed.} 1/2-1/2

[Event "EU-ch 2nd"]
[Site "Ohrid"]
[Date "2001.06.12"]
[Round "11"]
[White "Lautier, Joel"]
[Black "Burmakin, Vladimir"]
[Result "1-0"]
[WhiteElo "2658"]
[BlackElo "2522"]
[Annotator "Lautier,J"]
[PlyCount "60"]
[EventDate "2001.06.01"]
[EventType "swiss"]
[EventRounds "13"]
[EventCountry "YUG"]
[SourceTitle "CBM 084"]
[Source "ChessBase"]
[SourceDate "2001.09.13"]
[SourceVersion "1"]
[SourceVersionDate "2001.09.13"]
[SourceQuality "1"]

1. d4 d5 2. c4 c6 3. Nc3 Nf6 4. e3 a6 5. Qc2 Bg4 $6 6. f3 $1 Bh5 7. Qb3 Ra7 8.
cxd5 cxd5 9. g4 Bg6 10. g5 Nfd7 11. h4 $1 $16 (11. Nxd5 e6 12. Nf4 Qxg5 13.
Nge2 Qh4+ 14. Ng3 Nc6 $13) 11... Nb6 (11... e6 $2 12. h5 Bf5 13. e4 dxe4 14.
fxe4 Bg4 15. Rh4 f5 16. gxf6 Nxf6 17. Rxg4 Nxg4 18. Qxe6+ $18) (11... h6 12.
gxh6 e6 (12... Rxh6 $2 13. e4 Rh8 14. Nxd5 Nc6 15. Be3 e6 16. Nf4 Rxh4 17. Nxe6
$1 Bb4+ 18. Ke2 fxe6 19. Qxe6+ Kf8 20. Rxh4 Qxh4 21. Qxg6 $18) 13. e4 (13. hxg7
Bxg7 14. Bd2 Rxh4 $15) 13... dxe4 (13... Be7 $2 14. hxg7 Bxh4+ 15. Kd1 Rg8 16.
exd5 Rxg7 17. dxe6 Nc5 18. Qd5 Nxe6 19. Qxd8+ Bxd8 20. Rh8+ Kd7 21. d5 Nc5 22.
Be3 $18) (13... Nc6 14. h5 Bh7 15. Be3 gxh6 16. exd5 Nb4 17. Rc1 Nxd5 18. Nxd5
exd5 19. Qxd5 $16) 14. h5 $1 (14. fxe4 gxh6 15. h5 Bh7 16. Be3 b5 $13) 14...
Bh7 15. hxg7 Bxg7 16. Be3 Qa5 (16... exf3 17. d5 b6 18. dxe6 (18. Nxf3 Nc5 19.
Bxc5 bxc5 20. dxe6 {->> 18.de6}) 18... Nc5 19. Bxc5 (19. Rd1 Nxb3 20. Rxd8+
Kxd8 21. Bxb6+ Rc7 22. axb3 fxe6 23. Nxf3 $14) 19... bxc5 20. Nxf3 fxe6 (20...
Re7 21. Bc4) 21. Rd1 Qc8 22. h6 $36)) 12. e4 {/\ h5} (12. h5 $5 Bf5 13. e4 Be6
(13... dxe4 $2 14. fxe4 Bd7 15. Be3 $18) 14. Bf4 Nc6 15. O-O-O Ra8 16. Kb1 Rc8
17. Nge2 $16) 12... f6 (12... dxe4 13. h5 Bf5 {->> 12.h5}) 13. a4 $1 (13. exd5
$2 Bf7 $36) (13. Nxd5 $2 Nxd5 14. Qxd5 Qxd5 15. exd5 Bf7 16. Bc4 Nd7 17. Ne2
Nb6 $11) (13. Bf4 $6 Nc6 14. O-O-O Bf7 $132) 13... e6 (13... dxe4 14. Be3 $16)
(13... Nc6 $142 14. a5 (14. Be3 Na5) 14... Nd7 15. Be3 (15. Qxd5 $4 Bf7 $19) (
15. Nxd5 e6 16. Nc3 Nxd4 17. Qd1 e5 $132) 15... e5 (15... Nxa5 16. Qxd5 Nc6 17.
Qb3 $16) (15... e6 16. exd5 exd5 17. Nxd5 Nxa5 (17... Bf7 18. Bc4 $16) 18. Qa2
(18. Qc3 Nc6 19. Bf4) 18... Nc6 19. Bf4 Bf7 20. Bc4 Bxd5 21. Bxd5 Bb4+ 22. Kf1
$16) 16. Nge2 $1 (16. dxe5 $2 d4 17. exf6 gxf6 (17... Bf7 $2 18. Bc4 $18) (
17... Nc5 18. Qb6 dxe3 19. Nd5 Ne6 20. Bh3 $36) 18. Bf2 (18. gxf6 Nc5 $17)
18... Nc5 19. Qb6 dxc3 $17) (16. h5 Bf7 17. dxe5 Nc5 (17... d4 $2 18. e6 Bg8
19. exd7+ Qxd7 20. Nd5 dxe3 21. Qxe3 fxg5 22. O-O-O $16) 18. Bxc5 Bxc5 19. exf6
gxf6 20. exd5 Qe7+ (20... O-O $2 21. g6 Re8+ 22. Be2 Nd4 23. gxf7+ Kxf7 24. Qd1
$18) 21. Be2 Nb4 (21... Nd4 22. Qa4+ Kf8 23. Ne4 fxg5 24. O-O-O $16) 22. gxf6 (
22. Ne4 $6 Bxd5 23. Qc3 Bxe4 24. fxe4 Qxe4 $36) 22... Qe3 23. Qa4+ Kd8 $132)
16... dxe4 17. fxe4 exd4 18. Nxd4 Nxd4 19. Bxd4 Bc5 20. gxf6 gxf6 (20... Bxd4
$2 21. Qe6+ Kf8 22. Qd6+ $18) 21. O-O-O $16) 14. a5 N6d7 (14... Nc8 15. exd5
exd5 16. Nxd5 Bd6 17. Ne2 $16) 15. exd5 exd5 16. Nxd5 (16. Bf4 $5 Bf7 (16...
Nc6 17. Nxd5 $16) 17. Nxd5 Ne5 18. dxe5 Bxd5 (18... Qxd5 19. Qxd5 Bxd5 20. exf6
$18) 19. Qe3 Bb4+ 20. Kf2 $16) 16... Bd6 17. Bc4 (17. Bf4 Bxf4 18. Nxf4 Bf7 19.
Qe3+ Qe7 20. Qxe7+ Kxe7 21. Bd3 $16) 17... Nc6 (17... O-O 18. Ne7+ Kh8 19.
Nxg6+ hxg6 20. Ne2 $16) 18. Qe3+ Kf8 19. Bd2 (19. Nf4 Bxf4 20. Qxf4 b5 $132)
19... Bf7 20. Ne2 b5 21. Bb3 Ra8 22. Kf2 b4 $6 (22... Rc8 23. Rac1 $16) 23.
Ndf4 $1 Qe7 24. Ne6+ Kg8 25. Rhc1 Nd8 26. Nc7 $1 $18 Qxe3+ 27. Bxe3 Ra7 28. Ne8
Bxb3 29. Nxd6 Kf8 30. Rc8 Ke7 (30... Ke7 31. Nf5+ $18) 1-0